| 000 | 01111nam a22003257a 4500 | ||
|---|---|---|---|
| 001 | 3422988 | ||
| 003 | OSt | ||
| 005 | 20210426102221.0 | ||
| 008 | 900621t19901989ohua b 001 0 eng | ||
| 010 | _a 90168186 | ||
| 020 | _a0893572071 | ||
| 040 |
_aDLC _cDLC _dDLC _beng |
||
| 041 | 0 | _aenggeo | |
| 050 | 0 | 0 |
_aPK9107 _b.A76 1990 |
| 080 |
_a811.353.1 _bA-77 |
||
| 082 | 0 | 0 |
_a499/.96 _220 |
| 100 | 1 |
_aAronson, Howard I. (Howard Isaac), _d1936- |
|
| 245 | 1 | 0 |
_aGeorgian : _ba reading grammar / _c/ by: Slavica Publishers Inc |
| 250 | _aCorrected edition | ||
| 260 |
_aColumbus, Ohio _bSlavica Publishers Inc _c1990, c1989. |
||
| 300 |
_a537 p. _bill. _c23 cm. |
||
| 500 | _aEnglish and Georgian. | ||
| 504 | _aIncludes bibliographical references (p. 476-477) and index. | ||
| 650 | 0 |
_aGeorgian language _xGrammar. |
|
| 650 | 0 |
_aGeorgian language _xTextbooks for foreign speakers _xEnglish. |
|
| 653 | _aქართული ენა | ||
| 906 |
_a7 _bcbc _corignew _d2 _encip _f19 _gy-gencatlg |
||
| 942 |
_2udc _cBK |
||
| 999 |
_c1239 _d1239 |
||